ბათუმის შოთა რუსთაველის სახელმწიფო უნივერსიტეტის ბიბლიოთეკა

Erkundungen. Deutsch als fremdsprache. Sprachniveau 1 (ბიბ.ჩანაწერი № 50394)

000 -LEADER
fixed length control field 00591nam a2200229Ia 4500
001 - CONTROL NUMBER
control field 17337
003 - CONTROL NUMBER IDENTIFIER
control field GE_BSU
008 - FIXED-LENGTH DATA ELEMENTS--GENERAL INFORMATION
fixed length control field 181216s||||||||xx |||||||||||||| ||und||
020 ## - INTERNATIONAL STANDARD BOOK NUMBER
International Standard Book Number 9783929526974
040 ## - CATALOGING SOURCE
Transcribing agency GE_BSU
080 ## - UNIVERSAL DECIMAL CLASSIFICATION NUMBER
Universal Decimal Classification number 811.112
100 ## - MAIN ENTRY--PERSONAL NAME
Personal name Buscha, Anne
245 ## - TITLE STATEMENT
Title Erkundungen. Deutsch als fremdsprache. Sprachniveau 1
245 ## - TITLE STATEMENT
Remainder of title Integriertes Kurs-und Arbeitsbuch
260 ## - PUBLICATION, DISTRIBUTION, ETC.
Place of publication, distribution, etc. Leipzig
260 ## - PUBLICATION, DISTRIBUTION, ETC.
Date of publication, distribution, etc. 2009
300 ## - PHYSICAL DESCRIPTION
Extent 270p.CD ROM
653 ## - INDEX TERM--UNCONTROLLED
Uncontrolled term Erkundungen. Deutsch als fremdsprache.
653 ## - INDEX TERM--UNCONTROLLED
Uncontrolled term Integriertes Kurs-und Arbeitsbuch
942 ## - ADDED ENTRY ELEMENTS (KOHA)
Koha item type წიგნი
ეგზემპლარები
Withdrawn status Lost status Damaged status Not for loan Date acquired Barcode Date last seen Price effective from Koha item type
        2018-12-17 1500 2018-12-17 2018-12-17 წიგნი